000 00465nam a2200181Ia 4500
001 4295
005 20260306145745.0
008 260306t2019||||xx |||||||||||||| ||spa||
041 _aESP
082 _a320.5092
_bF31
100 _aFaye, Emmanuel
_eAUT
245 0 _aArendt y Heidegger:
_bel exterminio nazi y la destrucción del pensamiento
260 _c2019
300 _a603 páginas :
_c24 cm.
650 _aGEN
654 _aCDE
942 _cLIB
_dJUS
_fJUS
_2ddc
_n
999 _c4295
_d4295